| 000 | 00461cam a22001337a 4500 | ||
|---|---|---|---|
| 008 | 180718b1969 xxu||||| |||| 00| 0 eng d | ||
| 082 | _aT16x5452 M267c/1969 | ||
| 100 | _aCommittee on Co-operation | ||
| 245 |
_aReport of the Committee on Cooperation _cby Committee on Co-operation |
||
| 260 |
_aMadras _bThe author _c1969 |
||
| 300 | _a3 Parts | ||
| 500 | _aContents: Pt. 1. 260p;Pt. 2. 160p;Pt.3. 88p Chairman: K. Santhanam | ||
| 700 | _aSanthanam, K. (Chairman) | ||
| 999 |
_c489641 _d489641 |
||